El hilo de Ariadna (Registro nro. 21368)

Detalles MARC
000 -LEADER
fixed length control field 00314 a2200109 4500
001 - CONTROL NUMBER
control field ART_51128
005 - DATE AND TIME OF LATEST TRANSACTION
control field 20260410161810.0
008 - FIXED-LENGTH DATA ELEMENTS--GENERAL INFORMATION
fixed length control field 260409a
100 1# - MAIN ENTRY--PERSONAL NAME
Personal name Truffat, Edgardo Daniel
245 10 - TITLE STATEMENT
Title El hilo de Ariadna
773 0# - HOST ITEM ENTRY
Title Doctrina Societaria y Concursal
Related parts - N° 392 (jul. 2020)
Record control number REV4298

No hay ítems disponibles.